| 000 | 00771nam a2200205 i 4500 | ||
|---|---|---|---|
| 001 | 44852 | ||
| 003 | ES-MaACL | ||
| 005 | 20250809035213.0 | ||
| 007 | t| | ||
| 008 | 030324s1929 sp ||||1| spa d | ||
| 080 | _a343(460)"1928"(094.4) | ||
| 110 | 1 |
_aEspaña. _tCódigo penal, 1928. _9176223 |
|
| 245 | 1 | 0 |
_aCódigo penal de 8 de septiembre de 1928 con las rectificaciones acordadas por R.O. de 30 de octubre de 1928 y las aclaraciones dispuestas por R.D. Ley de 10 del mismo año / _cpor Eugenio Cuello Calón. |
| 260 |
_aBarcelona : _b[s.n.], _c1929 ( _fA. Ortega) |
||
| 300 |
_aXX, 532 p. ; _c18 cm. |
||
| 650 | 4 |
_aDerecho penal- _zEspaña _911752 |
|
| 700 | 1 |
_aCuello Calón, Eugenio. _941986 |
|
| 852 | 4 |
_aES-MaACL _jF-14550 |
|
| 999 |
_c44852 _d44852 |
||